00439nam a22001577a 4500999001500000003000500015020001800020038000600038082001100044100002500055245004500080260003600125300000900161942001200170952009900182 c2760d2760NUST a9789380836270 aA a302.23 aParveen kumar931301 aTheory and practice of modern journalism aNew DelhibCentrum pressc2010. a295p cBK2ddc 00102ddc4070aCLbCLcJRNd2016-03-17l0o302.23 KUMpS3H-S-130r2016-03-17w2016-03-17yBK